Znalosti pro tržní praxi ... sborník z mezinárodní vědecké konference

Předchozí název: Ekonomické znalosti pro tržní praxi
Korporativní autor: Univerzita Palackého. Katedra aplikované ekonomie
Další autoři: Znalosti pro tržní praxi (konference)
Jazyk: Němčina
Slovenština
Čeština
Angličtina
Vydáno: Olomouc : Societas Scientiarum Olomucensis II, [2011]-
Témata:
Fyzický popis: 1 online zdroj : barev. ; 12 cm
Odebírané ročníky: 2012-
Language note: Část. anglický, německý a slovenský text
Noviny a časopisy
Uloženo v:
LEADER 03847nas a2200853 i 4500
001 001297930
003 CZ BrMZK
005 20161109155656.0
007 ta
008 140926c20119999xr ar 1 b0cze
015 |a cnb002627072  |z cnb002432041 
040 |a BOA001  |b cze  |e rda 
041 0 |a cze  |a eng  |a ger  |a slo 
072 7 |a 33  |x Ekonomie  |2 Konspekt  |9 4 
080 |a 33  |2 MRF 
080 |a 338:[001+004]  |2 MRF 
080 |a 005  |2 MRF 
080 |a 005.94  |2 MRF 
080 |a (062.534)  |2 MRF 
080 |a (0.034.44)  |2 MRF 
111 2 |a Znalosti pro tržní praxi (konference)  |7 pna2013747733 
245 1 0 |a Znalosti pro tržní praxi ...  |b sborník z mezinárodní vědecké konference  |h [elektronický zdroj] : 
246 3 |a Knowledge for Market Use ... 
246 1 2 |a Význam znalostí v aktuální fázi ekonomického cyklu  |f 2012 
246 1 2 |a Significance of kowledge at the current phase of economic cycle  |f 2012 
246 1 2 |a Veřejná ekonomika - současnost a perspektiva  |f 2013 
246 1 2 |a Public economy - present situation and future prospects  |f 2013 
246 1 2 |a Média a komunikace v 21. století  |f 2014 
246 1 2 |a Media and communication in the 21st century  |f 2014 
246 1 2 |a Ženy - podnikatelky v minulosti a současnosti  |f 2015 
246 1 2 |a Women in Business in the Past and Present  |f 2015 
246 1 2 |a Our Interconnected and Divided World  |f 2015 
264 1 |a Olomouc :  |b Societas Scientiarum Olomucensis II,  |c [2011]- 
300 |a 1 online zdroj :  |c 12 cm  |b barev. ; 
310 |a 1x ročně 
336 |a text  |b txt  |2 rdacontent 
337 |a počítač  |b c  |2 rdamedia 
338 |a počítačový disk  |b cd  |2 rdacarrier 
362 0 |a [2011?]- 
500 |a Popsáno podle: ročník7 (2012); název z disku 
500 |a Součástí názvu je označení běžného roku 
500 |a Na titulní obrazovce nad názvem: Katedra aplikované ekonomie, Filozofická fakulta, Univerzita Palackého v Olomouci 
538 |a Požadavky na systém: Adobe Acrobat Reader 
541 |c pv-cdr-r 
546 |a Část. anglický, německý a slovenský text 
650 0 7 |a ekonomie  |7 ph114430  |2 czenas 
650 0 7 |a znalostní ekonomika  |7 ph386458  |2 czenas 
650 0 7 |a management  |7 ph115217  |2 czenas 
650 0 7 |a znalostní management  |7 ph136832  |2 czenas 
650 0 9 |a economics  |2 eczenas 
650 0 9 |a knowledge economy  |2 eczenas 
650 0 9 |a management  |2 eczenas 
650 0 9 |a knowledge management  |2 eczenas 
655 7 |a sborníky konferencí  |7 fd133333  |2 czenas 
655 7 |a CD-ROM  |7 fd133955  |2 czenas 
655 9 |a proceedings of conferences  |2 eczenas 
655 9 |a CD-ROM  |2 eczenas 
710 2 |a Univerzita Palackého.  |b Katedra aplikované ekonomie  |7 olak2007365959 
780 0 0 |t Ekonomické znalosti pro tržní praxi 
902 |a 978-80-87533-04-8  |q (2012) 
902 |a 978-80-87533-05-5  |q (2013) 
902 |a 978-80-87533-07-9  |q (2014) 
902 |a 978-80-87533-12-3  |q (2015) 
902 |a 978-80-87533-14-7  |q (2016) 
910 |a BOA001  |b CDR-1284.692  |r 2012- 
952 |a e-xr-ol 
990 |a SE 
995 |a 01 
991 |b 201305 
996 3 |b 2610551288  |c CDR-1284.692  |d 2012  |y 2012  |l Stud. periodik/2.patro  |r Sklad / do 1 hodiny  |n 1  |p cdr-p.v.  |w 001332578  |u 000010  |a 1  |e BOA001  |j MZK50  |s N 
996 3 |b 2610578154  |c CDR-1284.692  |d 2013  |y 2013  |l Stud. periodik/2.patro  |r Sklad / do 1 hodiny  |n 1  |p cdr-p.v.  |w 001332578  |u 000020  |a 1  |e BOA001  |j MZK50  |s N 
996 3 |b 2610615382  |c CDR-1284.692  |d 2014  |y 2014  |l Stud. periodik/2.patro  |r Sklad / do 1 hodiny  |n 1  |p p.v.  |w 001332578  |u 000030  |a 1  |e BOA001  |j MZK50  |s N 
996 3 |b 2610653024  |c CDR-1284.692  |d 2015  |y 2015  |l Stud. periodik/2.patro  |r Sklad / do 1 hodiny  |n 0  |p cdr-p.v.  |w 001332578  |u 000040  |a 1  |e BOA001  |j MZK50  |s N 
996 3 |b 2610685581  |c CDR-1284.692  |d 2016  |y 2016  |l Stud. periodik/2.patro  |r Sklad / do 1 hodiny  |n 0  |p cdr-p.v.  |w 001332578  |u 000050  |a 1  |e BOA001  |j MZK50  |s N